Economy / (Record no. 9785)
[ view plain ]
| 000 -LEADER | |
|---|---|
| fixed length control field | 01073cam a2200301 a 4500 |
| 001 - CONTROL NUMBER | |
| control field | 9785 |
| 003 - CONTROL NUMBER IDENTIFIER | |
| rucl marc code | BD-RjUL |
| 005 - DATE AND TIME OF LATEST TRANSACTION | |
| control field | 20211208234834.0 |
| 008 - FIXED-LENGTH DATA ELEMENTS--GENERAL INFORMATION | |
| fixed length control field | 140121s1984 cc af s 000 0 eng |
| 020 ## - INTERNATIONAL STANDARD BOOK NUMBER | |
| International Standard Book Number | 0835109879 |
| 035 ## - SYSTEM CONTROL NUMBER | |
| System control number | (BD-RjUL)9830 |
| 040 ## - CATALOGING SOURCE | |
| Original cataloging agency | DLC |
| Transcribing agency | DLC |
| Modifying agency | BD-RjUL |
| Language of cataloging | eng |
| 041 1# - LANGUAGE CODE | |
| Language code of text/sound track or separate title | eng |
| Language code of original | chi |
| 082 00 - DEWEY DECIMAL CLASSIFICATION NUMBER | |
| Classification number | 330.95105 |
| Edition number | 19 |
| Author mark and year | ECO 1984 |
| 245 10 - TITLE STATEMENT | |
| Title | Economy / |
| Statement of responsibility, etc. | compiled by the China Handbook Editorial Committee ; translated by Hu Gengkang, Zhang Tingquan and Liu Bingwen. |
| 260 ## - PUBLICATION, DISTRIBUTION, ETC. (IMPRINT) | |
| Place of publication, distribution, etc. | Beijing : |
| Name of publisher, distributor, etc. | Foreign Languages Press ; |
| -- | Distributed by China Publications Centre, |
| Date of publication, distribution, etc. | 1984. |
| 300 ## - PHYSICAL DESCRIPTION | |
| Pagination | 425 p., [24] p. of plates : |
| Illustrations | ill. ; |
| Size | 19 cm. |
| 500 ## - GENERAL NOTE | |
| General note | Translation of: Jing ji. |
| 651 #0 - SUBJECT ADDED ENTRY--GEOGRAPHIC NAME | |
| Geographic name | China |
| General subdivision | Economic conditions |
| Chronological subdivision | 1949- |
| Form subdivision | Handbooks, manuals, etc. |
| 9 (RLIN) | 30250 |
| 700 1# - ADDED ENTRY--PERSONAL NAME | |
| Personal name | Hu, Gengkang. |
| Personal name | Zhang, Tingquan. |
| Personal name | Liu, Bingwen. |
| 710 2# - ADDED ENTRY--CORPORATE NAME | |
| Corporate name or jurisdiction name as entry element | "Zhongguo shou ce" bian ji wei yuan hui. |
| 9 (RLIN) | 30254 |
| 942 ## - ADDED ENTRY ELEMENTS (KOHA) | |
| Source of classification or shelving scheme | Dewey Decimal Classification |
| Koha item type | Books |
| Lost status | Source of classification or shelving scheme | Damaged status | Not for loan | Collection code | Permanent Location | Current Location | Shelving location | Date acquired | Source of acquisition | Total Checkouts | Full call number | Date last seen | Copy number | Koha item type |
|---|---|---|---|---|---|---|---|---|---|---|---|---|---|---|
| Dewey Decimal Classification | Non-fiction | Central Library, University of Rajshahi | Central Library, University of Rajshahi | 24/10/1984 | China | 330.95105 ECO 1984 | 21/01/2014 | C-2 | Books | |||||
| Dewey Decimal Classification | Not For Loan | Non-fiction | Central Library, University of Rajshahi | Central Library, University of Rajshahi | Reading Room | 24/10/1984 | 330.95105 ECO 1984 | 04/03/2018 | C-1 | Books |